00474nam a22001697a 450000500170000000800410001702000180005804000210007604100080009708200160010510000260012124500540014725000120020126000410021330000100025465000400026420260515115033.0240902b |||||||| |||| 00| 0 eng d a9789360786663 aIN-DiNCcIN-DiNC dasm a954.03bBOR aBorah, Kalyaneauthor aBharatbarshar itihas (1757-1947)cby Kalyan Borah a1st ed. aGuwahati:bAshok publication,c2024. a183p. aHistory of modern India (1757-1947)